| 000 | 00823aam a2200313 i 4500 | ||
|---|---|---|---|
| 001 | 768714001 | ||
| 003 | CO-MdFUSB | ||
| 005 | 20250522103126.0 | ||
| 007 | ta | ||
| 008 | 250522t1981 -us |||| |||| 00| 0 eng d | ||
| 020 | _a0-8024-2891-6 | ||
| 040 | _cCO-MdFUSB | ||
| 041 | 0 | _aeng | |
| 082 | 0 | 4 |
_223 _a248.4 _bI589q |
| 100 | 1 |
_aInrig, Gary _eautor |
|
| 245 | 1 | 0 |
_aQuality friendship _c/ Gary Inrig |
| 264 | 1 |
_bMoody Press, _aChicago, USA : _c[1981] |
|
| 264 | 4 | _c©1981 | |
| 300 | _a223 páginas | ||
| 336 |
_atexto _btxt _2rdacontent |
||
| 337 |
_2rdamedia _asin mediación _bn |
||
| 338 |
_2rdacarrier _avolumen _bnc |
||
| 563 | _aRústico | ||
| 650 | 7 |
_aEnseñanza bíblica _91266 |
|
| 650 | 7 |
_aAmor _xAspectos religiosos _vCristianismo _9255 |
|
| 942 | _cBK | ||
| 945 | _aJTF-925 | ||
| 999 |
_c35812 _d35812 |
||